00881nam a22001815i 4500001000700000003000900007005001700016008004100033040002000074100003200094245018300126260006800309300002200377530003500399650002100434852009900455856014500554157781ES-MaACL20230906210839.0040818s1895 sp |||| | spa d aCAM bspa cCAM1 aLiongson Tongio, Francisco.13aLa celula ante el microbio b: tesis del doctorado en medicina leída y sostenida el día 19 de octubre de 1895 ante el tribunal de grados ... /cpor Francisco Liongson Tongio. aMadrid : b[s.n.], c1895 (fImprenta de Diego Pacheco Latorre) a103 p. ; c23 cm. aDisponible en formato digital. 4aMicrobiología. aES-MaACLjT-1046-F-8 z-- Enc. hol. conservando la cub. original z-- Enc. en un vol. facticio uhttp://bibliotecadigitalhispanica.bne.es:80/webclient/DeliveryManager?pid=1678147&custom_att_2=simple_viewerzBiblioteca Digital Hispánica